Chilensia Pontificia.
Salvato in:
| Autore principale: | |
|---|---|
| Natura: | Libro |
| Lingua: | spagnolo |
| Pubblicazione: |
Santiago, Chile:
Ediciones Universidad Católica de Chile,
1998-2006.
|
| Edizione: | Primera edición. |
| Serie: | Anales de la Facultad de Teología (Fuera de Serie) Monumenta Ecclesiae Chilensia,
Investigaciones |
| Soggetti: | |
| Tags: |
Aggiungi Tag
Nessun Tag, puoi essere il primo ad aggiungerne!!
|
MARC
| LEADER | 00000cam a2200000 a 4500 | ||
|---|---|---|---|
| 001 | UCL3137 | ||
| 003 | CL-VaPUC | ||
| 005 | 20250103100420.0 | ||
| 008 | 031114e19982006CL |||||||||||||||||spa|d | ||
| 999 | |c 439579 |d 439577 | ||
| 020 | |a 956-14-0495-8 (o.c) | ||
| 020 | |a 956-14-0496-6 (v.I t.I) | ||
| 020 | |a 956-14-0497-4 (v.I t.II) | ||
| 020 | |a 956-14-0498-2 (v.I t.III) | ||
| 020 | |a 956-14-0667-5 (v.II t.I) | ||
| 020 | |a 956-14-0668-3 (v.II t.II) | ||
| 020 | |a 956-14-0842-2 (v.II t.III) | ||
| 020 | |a 956-14-0843-0 (v.II t.IV) | ||
| 020 | |a 956-14-0877-5 (v.III t.I) | ||
| 040 | |c Pontificia Universidad Católica de Valparaíso | ||
| 082 | 0 | 4 | |a 282.8309 RET 1998 (v.I t.I) |a 282.8309 RET 1998 (v.I t.II) |a 282.8309 RET 1998 (v.I t.III) |a 282.8309 RET 2002 (v.II t.I) |a 282.8309 RET 2002 (v.II t.II) |a 282.8309 RET 2005 (v.II t.III) |a 282.8309 RET 2005 (v.II t.IV) |a 282.8309 RET 2006 (v.III t.I) |2 21 |
| 100 | 0 | |a Retamal Fuentes, Fernando |e autor |9 475531 |c I.C.D. S.Th.L. | |
| 245 | 1 | 0 | |a Chilensia Pontificia. |
| 250 | |a Primera edición. | ||
| 260 | |a Santiago, Chile: |b Ediciones Universidad Católica de Chile, |c 1998-2006. | ||
| 300 | |a 3 volúmenes. | ||
| 490 | 0 | |a Anales de la Facultad de Teología (Fuera de Serie) Monumenta Ecclesiae Chilensia, |n 1-8. | |
| 490 | 0 | |a Investigaciones | |
| 505 | |a v.I t.I-III: Primera Parte - De Pío IV a Pío IX - (1561-1878). v.II t.I-IV: Segunda Parte - De León XIII a Pío XII - (1878-1958). v.III t.I: Tercera Parte - De Juan XXIII a Benedicto XVI - (1958-2005). | ||
| 583 | |a last modification |c 20120113 12:40:20 |k Catalogador Asistente | ||
| 650 | 0 | |a Iglesia Católica |z Chile |9 256114 | |
| 650 | 0 | |a Historia de la iglesia |9 257565 |z Chile | |
| 650 | 0 | |a Documentos pontificios |9 255642 | |
| 942 | |c BK |2 ddc | ||
| 952 | |0 0 |1 0 |2 ddc |4 0 |6 282_830900000000000_RET_1998 |7 0 |8 X |9 588117 |a FDOBUD |b FDOBUD |c REST |d 2022-12-05 |e Donación |h v.I t.I |i 5655935 |o 282.8309 RET 1998 |p 5655935 |r 2022-12-05 |w 2022-12-05 |y BK_X |k BUD | ||
| 952 | |0 0 |1 0 |2 ddc |4 0 |6 282_830900000000000_RET_1998 |7 0 |8 X |9 588118 |a FDOBUD |b FDOBUD |c REST |d 2022-12-05 |e Donación |h v.I t.II |i 5655936 |o 282.8309 RET 1998 |p 5655936 |r 2022-12-05 |w 2022-12-05 |y BK_X |k BUD | ||
| 952 | |0 0 |1 0 |2 ddc |4 0 |6 282_830900000000000_RET_1998 |7 0 |8 X |9 588119 |a FDOBUD |b FDOBUD |c REST |d 2022-12-05 |e Donación |h v.I t.III |i 5655937 |o 282.8309 RET 1998 |p 5655937 |r 2022-12-05 |w 2022-12-05 |y BK_X |k BUD | ||
| 952 | |0 0 |1 0 |2 ddc |4 0 |6 282_830900000000000_RET_2002 |7 0 |8 X |9 588120 |a FDOBUD |b FDOBUD |c REST |d 2022-12-05 |e Donación |h v.II t.I |i 5655938 |o 282.8309 RET 2002 |p 5655938 |r 2022-12-05 |w 2022-12-05 |y BK_X |k BUD | ||
| 952 | |0 0 |1 0 |2 ddc |4 0 |6 282_830900000000000_RET_2002 |7 0 |8 X |9 588121 |a FDOBUD |b FDOBUD |c REST |d 2022-12-05 |e Donación |h v.II t.II |i 5655939 |o 282.8309 RET 2002 |p 5655939 |r 2022-12-05 |w 2022-12-05 |y BK_X |k BUD | ||
| 952 | |0 0 |1 0 |2 ddc |4 0 |6 282_830900000000000_RET_2005 |7 0 |8 X |9 588122 |a FDOBUD |b FDOBUD |c REST |d 2022-12-05 |e Donación |h v.II t.III |i 5655940 |o 282.8309 RET 2005 |p 5655940 |r 2022-12-05 |w 2022-12-05 |y BK_X |k BUD | ||
| 952 | |0 0 |1 0 |2 ddc |4 0 |6 282_830900000000000_RET_2005 |7 0 |8 X |9 588123 |a FDOBUD |b FDOBUD |c REST |d 2022-12-05 |e Donación |h v.II t.IV |i 5655941 |o 282.8309 RET 2005 |p 5655941 |r 2022-12-05 |w 2022-12-05 |y BK_X |k BUD | ||
| 952 | |0 0 |1 0 |2 ddc |4 0 |6 282_830900000000000_RET_2006 |7 0 |8 X |9 588124 |a FDOBUD |b FDOBUD |c REST |d 2022-12-05 |e Donación |h v.III t.I |i 5655942 |o 282.8309 RET 2006 |p 5655942 |r 2022-12-05 |w 2022-12-05 |y BK_X |k BUD | ||